000 01483nam a22002537a 4500
999 _c58155
_d58155
003 Ge_BSU
005 20210708115128.0
008 210708s2021 ge ||||| |||| 00| 0 geo d
020 _a9789941471575
041 _ageo
080 _a338.2 ჩ-72
100 _aჩიხლაძე, ნ.
_910747
245 _aრეგიონული ეკონომიკური პოლიტიკის თეორიული და პრაქტიკული მიდგომები /
_cნ. ჩიხლაძე; რედ. გოჩა თუთბერიძე; აკაკი წერეთლის სახელმწიფო უნივერსიტეტი.
264 _a ქუთაისი :
_bქუთაისის უნივერსიტეტი,
_c2021.
300 _a192 გვ.;
_b20 გვ.
504 _aბიბლიოგრ. თავების ბოლოს
520 _aრეზიუმე ინგ. ენ
653 _aეკონომიკა
653 _aრეგიონული ეკონომიკური პოლიტიკა
653 _aეკონომიკური საქმიანობა COVID-19 ის პირობებში
700 _aთუთბერიძე, გ.
_eრედაქტორი
_912212
710 _aაკაკი წერეთლის სახელმწიფო უნივერსიტეტი
_912213
942 _2udc
_cBK